000 00404pab a2200181 454500
008 180718b2012 xxu||||| |||| 00| 0 eng d
100 _aManoharan, B.
245 _aWomen empowerment through education
260 _c2012
300 _ap.10-14.
362 _aApr
650 _aEducation
650 _aWomen
700 _aDevi, S. Nambi
773 _aThird Concept
908 _aN
909 _a96430
999 _c96430
_d96430